[Event "Julian Borowski-B 3rd"]
[Site "Essen"]
[Date "2001.05.11"]
[Round "9"]
[White "Naiditsch, Arkadij"]
[Black "De Gleria, Francesco"]
[Result "1-0"]
[WhiteElo "2487"]
[BlackElo "2432"]
[Annotator "Gofshtein,L"]
[PlyCount "114"]
[EventDate "2001.05.02"]
[EventType "tourn"]
[EventRounds "9"]
[EventCountry "GER"]
[EventCategory "9"]
[SourceTitle "CBM 083"]
[Source "ChessBase"]
[SourceDate "2001.07.05"]
[SourceVersion "1"]
[SourceVersionDate "2001.07.05"]
[SourceQuality "1"]

1. e4 c5 2. Nf3 d6 3. d4 cxd4 4. Nxd4 Nf6 5. Nc3 Nc6 6. Bg5 e6 7. Qd2 a6 8.
O-O-O h6 9. Be3 Be7 10. f3 Nxd4 11. Bxd4 b5 12. Kb1 (12. Bd3) 12... Rb8 13. Ba7
{White transfer bishop from d4 to e3, besides forced black's rook to occupy
not so good outpost b7. There are a lot of main lines here :13.Qf2- take on
controle b6 outpost,13.g4; 13.h4-pawns attack on king side;13.Bd3 ; 13.Qe3 and
even 13.Bf6.} (13. Qf2 b4 (13... Qa5 14. Bd3 b4 15. Ne2 e5 16. Ba7 Rb7 17. Bc4
(17. g4 Be6 18. b3 d5 $15 {0-1 Liu,D-Serper,G/Jakarta 1994/(29)}) 17... O-O
$132) (13... Qc7 $6 14. g4 (14. h4 b4 15. Na4 e5 16. Ba7 Rb7 17. Be3 Qc6 18.
Nb6 Be6 19. b3 O-O 20. Bc4 Rxb6 21. Bxb6 Bxc4 22. bxc4 Qxc4 23. g4 $14 {
1-0 Almasi,Z-Galliamova Ivanchuk/Vienna AUT Chess Festival op 1996 (76)}) 14...
Bd7 15. h4 b4 16. Ne2 e5 17. Be3 Rc8 18. Ng3 Bxg4 19. Bb6 Qxc2+ 20. Qxc2 Rxc2
21. fxg4 Rc6 22. Ba7 $16 {1-0 Ivanovic,B-Makarov,M/Podgorica 1993 (39)}) 14.
Na4 (14. Ne2 Qa5 15. Nc1 e5 16. Be3 Be6 17. Bd3 d5 18. Nb3 Qc7 19. exd5 Nxd5
20. Bc5 Nc3+ 21. bxc3 Bxb3 22. cxb3 Bxc5 $17 {0-1 Atakisi,U-Gershon,A/Yerevan
ARM 1999 (37)}) 14... Qc7 15. Ba7 Ra8 16. Bd4 Rb8 17. Nb6 Bb7 18. Nc4 O-O $11 (
18... e5 19. Bb6 Qc6 20. Na5 $14 {0-1 Euler,G-Badea,B/Giessen ,GER 1995 (57)}))
(13. Qe3 b4 14. Na4 Qc7 15. Ba7 Rb7 16. Bb6 Qc6 17. b3 O-O 18. Bd4 e5 19. Bb2
Be6 $11) (13. g4 Qa5 (13... e5 14. Be3 Qa5 15. h4 Be6 16. Be2 Nd7 17. Nd5 Qxd2
18. Rxd2 $14 {1/2-1/2 Poluliakhov,A-Makarov,M/Podgorica 1993 (60)}) (13... b4
14. Bxf6 (14. Ne2 e5 15. Ba7 (15. Be3 Be6 $132) 15... Rb7 16. Be3 Be6 17. Ng3
Qa5 18. b3 d5 $15 {1/2-1/2 Van der Wiel,J-Hoeksema,E/Eindhoven ch-NL 1993 (31)}
) 14... Bxf6 15. Ne2 Rb6 {1/2-1/2 Cseshkovsky,V-Ruban,V/St.Petersburg (zt)
1993/Inf 56/(46)} (15... Rb6 16. h4 Bxh4 17. Rxh4 Qxh4 18. Qd4 Rc6 19. Qxg7 Rf8
20. Qd4 e5 21. Qxb4 Qf2 22. Nc3 Qxf3 23. Rc1 Rxc3 $1)) (13... Qc7 14. h4 b4 15.
Ne2 e5 16. Bf2 Be6 17. Ng3 Qa5 18. b3 Rd8 (18... d5 19. g5 hxg5 20. hxg5 Rxh1
21. Nxh1 Nh5 22. exd5 Rd8 23. Bc4 Nf4 24. dxe6 $1 Rxd2 25. exf7+ Kf8 26. Rxd2
$14 {1-0 McShane,L-Gross,D/Gelsenkirchen GER 1999 (34)}) 19. Qe2 (19. g5 hxg5
20. hxg5 Rxh1 21. Nxh1 Nh7 22. g6 fxg6 $15) 19... d5 20. Nf5 Bxf5 21. exf5 d4
22. Qxa6 Qxa6 23. Bxa6 Nd5 $44) 14. h4 (14. Bxf6 gxf6 (14... Bxf6 15. Qxd6 $16)
15. f4 b4 16. Ne2 Rg8 17. Rg1 (17. h3 Bb7 18. Bg2 f5 19. Ng3 fxg4 20. hxg4 Rxg4
21. Rxh6 Kd7 22. Nh5 Rbg8 23. Bf3 R4g6 $132) 17... Bb7 $132) (14. a3 e5 15. Bf2
Be6 16. h4 b4 17. Nd5 Bxd5 18. exd5 Qa4 $15 {1/2-1/2 Magem,J-San Segundo,P/
Pamplona 1995 (42)}) 14... b4 15. Ne2 e5 16. Ba7 Rb7 17. Bf2 Be6 18. Nc1 d5
$132 (18... Nd7 $6 19. Nb3 Qc7 20. Bxa6 Rb8 21. Qe2 Qc6 22. Nc1 O-O 23. g5 h5
24. b3 $14 {0-1 Hartman,C-Degerman,L/26th Rilton Cup, Stockholm SWE 1997 (37)})
) (13. h4 $5 b4 14. Ne2 e5 15. Ba7 Rb7 16. Bf2 Be6 17. Nc1 Qa5 (17... a5 18. g4
(18. Ba6 Rb8 19. Ba7 Ra8 20. Bb5+ Nd7 21. Be3 Qc7 22. g4 Rb8 23. Ba4 $14 {
[%csl Ya4] 1/2-1/2 Volzhin,A-Hernandez,G/Linares 1996 (36)}) 18... h5 (18...
Qc7 19. Ba6 Rb8 20. g5 Nh5 21. gxh6 Rxh6 22. Be3 Rh8 $132 {0-1 Brodsky,
M-Serper,K/Novgorod (open) 1995/Inf 64/(41)}) 19. g5 Nd7 20. Bh3 Bxh3 21. Rxh3
g6 22. f4 $14 {1-0 Ehlvest,J-Zontakh,A/St.Petersburg op2 1994 (61)}) 18. Nb3
Qa4 $132) (13. Bxf6 Bxf6 14. Qxd6 Qxd6 15. Rxd6 Ke7 16. Rd1 Bxc3 17. bxc3 e5
18. Kb2 Be6 $44 {0-1 Anand,V-Kramnik,V/Monte Carlo blindfold 1996 (40)}) (13.
Qe1 Qa5 (13... b4 14. Ne2 Qc7 15. b3 e5 16. Bb2 Be6 17. g4 Rc8 18. Ng3 g6 19.
Bd3 a5 $132 {1/2-1/2 Shchekachev,A-Tyomkin,D/Bastia FRA 1998 (34)}) 14. Ba7 Rb7
15. Be3 b4 16. Ne2 e5 17. Nc1 Be6 18. g4 Nd7 19. h4 Qa4 $132 {1/2-1/2 Mainka,
R-Lagunov,A/GER-ch ,EXT 1994 (63)}) (13. Bd3 e5 (13... b4 14. Ne2 e5 15. Ba7
Rb7 16. Bf2 Be6 17. Nc1 a5 18. g4 Nd7 19. h4 Qc7 20. Qe2 Rb8 21. Rdg1 $132 {
1/2-1/2 Kasimdzhanov,R-Avrukh,B/Cala Galdana 1996 (52)}) 14. Ba7 Rb7 15. Be3
Be6 16. b3 Qc8 17. g4 d5 18. exd5 Bxd5 19. Ne4 Bxe4 20. Bxe4 Nxe4 21. fxe4 O-O
$11 {1/2-1/2 Bologan,V-Atalik,S/ROM-chT ,EXT 1994 (43)}) 13... Rb7 14. Be3 (14.
Bf2 b4 15. Ne2 e5 16. Nc1 a5 17. Bc4 Be6 18. Bxe6 fxe6 19. g4 O-O 20. h4 Nd7
$11 {0-1 Gruenfeld,Y-Greenfeld,A/Nir-Galim blitz 1995 (43)}) 14... O-O $6 (
14... Qa5 {1-0 Bologan,V-Lobron,E/Germany 1997/GER-chT (48)}) (14... Qc7 15. g4
Nd7 $5 {[%cal Yd7b6,Yb6c4,Yd7e5,Ye5c4]} (15... b4 16. Ne2 d5 (16... a5 17. Nd4
Bd7 $132) 17. e5 Nd7 18. f4 $132 {Lanka,Z-Wells,P/Passau 1996/Inf 67/ (18)})
16. Be2 (16. Ne2 Ne5 17. Nd4) 16... Nb6 17. Bd3 b4 18. Ne2 Nc4 19. Bxc4 Qxc4
$132 {1-0 Antoniewski,R-Lerner,K/Koszalin 1999/CBM 73_07 (72)}) (14... b4 15.
Ne2 e5 (15... a5 16. Nd4 Bd7 17. g4 Qc7 18. h4 a4 19. Ba6 Rb8 20. g5 $36 {
1-0 Pikula,D-Zontakh,A/Belgrade (YUG) 1996 (37)}) 16. Nc1 (16. c4 $5 Be6 17.
Ng3 O-O 18. Nf5 (18. Bd3 $5 $14) 18... Bxf5 19. exf5 Qc8 20. g4 Rd8 $132 {
1/2-1/2 Socko,B-Avrukh,B/World Juniors, Zagan POL 1997 (42)}) 16... Rb8 (16...
a5 17. Ba6 Rb8 18. Bxc8 Rxc8 $132 {1/2-1/2 Krakops,M-Avrukh,B/World Juniors,
Zagan POL 1997 (33)}) 17. Bc4 $1 a5 (17... O-O 18. g4 Qc7 19. Bb3 Be6 20. g5
hxg5 21. Bxg5 Rfd8 22. Rhg1 $16 {1-0 Lanka,Z-Vydeslaver,A/Open, Groningen NED
1997 (38)}) (17... Bd7 18. g4 Qc8 19. Qd3 Bb5 20. Bxb5+ Rxb5 21. h4 Qe6 22. Ne2
d5 23. g5 hxg5 24. Bxg5 dxe4 25. fxe4 Nh5 26. Qd8+ {1-0 Korneev,O-San Segundo
Carrillo,P/Mondariz 1997/EXT 99 (26)}) 18. g4 Be6 19. Bxe6 fxe6 20. h4 Nd7 21.
f4 $40 {1-0 Blehm,P-Tyomkin,D/Paget Parish 2001/CBM 81_01 (40)}) (14... Nd7 $5
{[%csl Rc4][%cal Yd7b6,Yd7e5]} 15. Bd3 Ne5 16. Ne2 (16. f4 Nxd3 17. cxd3 d5
$132 18. Bd4 {1/2-1/2 Pikula,D-Raetsky,A/Biel 2000/CBM 77 ext (18)}) 16... Qc7
17. Bd4 O-O 18. Ng3 Rd8 19. Nh5 Bf8 20. Qf2 Nxd3 21. cxd3 e5 $11 {1/2-1/2 Leko
Petar-Tukmakov Vladimir/Ch Croatia (team) (1st league), Tucepi 1996 (24)}) (
14... Qa5 15. Nd5 Qxd2 16. Nxf6+ gxf6 17. Bxd2 e5 18. a4 Be6 19. axb5 axb5 20.
Bb4 Kd7 21. Bd3 Ra8 22. b3 $14 {1-0 Bologan,V-Lobron,E/Germany 1997/GER-chT 
(48)}) 15. h4 b4 16. Ne2 d5 $5 (16... e5 $6 17. g4 $36) 17. e5 Nd7 18. f4 Nc5 {
[%csl Ye4][%cal Yc5e4]} 19. Nd4 Ne4 20. Qe1 Bd7 21. Bd3 (21. Bxa6 Rc7 (21...
Rb8 22. Bd3) 22. g4 Qa8 23. Bd3 Rd8 24. Nb3 $13) (21. g4 $5) 21... Qa8 (21...
Nc5 22. Be2) 22. g4 a5 23. g5 {23.f5 could be more dangerous for black,then
while black have good chances for defence now.} (23. f5 $5 b3 (23... exf5 24.
gxf5 $40) 24. cxb3 $5 (24. axb3 a4 25. Bxe4 dxe4 (25... axb3 26. Nxb3 dxe4 27.
f6 gxf6 28. Bxh6 Rc8 29. exf6 Bxf6 30. g5 $40) 26. f6 gxf6 27. Bxh6 fxe5 $13)
24... Bb4 (24... exf5 25. gxf5 a4 26. f6 $18) 25. Qg1 a4 26. Bxe4 (26. g5 axb3
27. Nxb3 h5 28. Bxe4 dxe4 29. Bc5 $16) 26... dxe4 27. f6 $36) 23... h5 24. g6 (
24. Bxe4 dxe4) 24... fxg6 25. Rg1 {[%csl Yg6][%cal Yg1g6]} Qe8 26. Bc1 {
[%csl Re4][%cal Ye1e4,Yd3e4]} Rc7 27. Bxe4 dxe4 28. Qxe4 Kh7 29. Be3 Bc6 (29...
Qf7) (29... Bc5 30. Nf3 Be7 31. Ng5+ Bxg5 32. Rxg5 Bc6 $132) 30. Nxc6 Rxc6 31.
Rg3 (31. Rxg6 Qxg6 32. Qxc6 Qf5 (32... Bxh4 33. Rd6 Rxf4 34. Bxf4 Qg1+ 35. Bc1
Bg5 36. a4 bxa3 37. Qe4+ Kg8 38. bxa3 Qxc1+ 39. Ka2 $16) 33. Qc7 Bxh4 $132)
31... Rf5 (31... Bxh4 32. Rh3 $18) 32. Rdg1 g5 (32... Rc7 33. Qg2 $40 (33. Rxg6
Qxg6 34. Rxg6 Kxg6 35. Qa8 $13)) 33. fxg5 {probably, better was 33.hg did not
open f-file,and did not destroy pawn structure.} (33. hxg5 $5) 33... g6 34. Rd1
Qc8 $44 {[%cal Yc6c2,Yf5f1] Open f,and c-files gives for black the safficient
compensation for pawn down.} 35. Bd4 Rc7 36. b3 Rd7 37. Rgd3 Rd5 38. Bb2 Rxd3
39. Qxd3 Kg7 40. Qe3 Qb7 41. Qd4 Qf3 42. Bc1 Rf7 43. Rd3 Qc6 44. Kb2 (44. Qd7
$2 Qxd7 45. Rxd7 Bc5 {[%csl Rf2][%cal Yc5f2,Yf2h4]}) 44... Bf8 45. Be3 a4 (
45... Rc7 $44) 46. bxa4 Rc7 47. Rd2 Qxa4 48. Qb6 Qa3+ 49. Kb1 Qc3 50. Qd4 Bc5 (
50... Qxd4 51. Bxd4 $16) 51. Qd8 Rf7 $4 (51... Bxe3 52. Rd7+ Rxd7 53. Qxd7+ Kf8
$11) 52. Rd7 {[%csl Rf6][%cal Yd8f6]} Qe1+ 53. Bc1 Qf1 54. Qf6+ Qxf6 55. gxf6+
$18 Kg8 56. Rd3 Rb7 57. Rd8+ Kh7 1-0

[Event "Julian Borowski-B 3rd"]
[Site "Essen"]
[Date "2001.05.07"]
[Round "5"]
[White "Van der Wiel, John"]
[Black "De Gleria, Francesco"]
[Result "1-0"]
[WhiteElo "2493"]
[BlackElo "2432"]
[Annotator "Gofshtein,L"]
[PlyCount "79"]
[EventDate "2001.05.02"]
[EventType "tourn"]
[EventRounds "9"]
[EventCountry "GER"]
[EventCategory "9"]
[SourceTitle "CBM 083"]
[Source "ChessBase"]
[SourceDate "2001.07.05"]
[SourceVersion "1"]
[SourceVersionDate "2001.07.05"]
[SourceQuality "1"]

1. e4 c5 2. Nf3 d6 3. d4 cxd4 4. Nxd4 Nf6 5. Nc3 Nc6 6. Bg5 e6 7. Qd2 a6 8.
O-O-O h6 9. Be3 Be7 10. f4 Nxd4 (10... Ng4 11. Nxc6 (11. Bg1 Nxd4 12. Qxd4 e5
13. Qd2 exf4 14. Nd5 Ne3 15. Nxe3 fxe3 16. Bxe3 Be6 $132) 11... bxc6 12. Bg1)
11. Bxd4 (11. Qxd4) 11... b5 12. Be2 (12. Bd3 b4 13. Na4 Rb8 $132) (12. Bd3)
12... b4 (12... Bb7 13. Bf3 b4 14. Bxf6 gxf6 (14... Bxf6 15. Ne2 Qa5 16. a3 $16
) 15. Ne2 Qb6 16. f5 e5 17. Kb1 Rc8 18. Ng3 {[%csl Rh5][%cal Yg3h5]} a5 19.
Rhe1 a4 20. Re3 Rc5 21. Rd3 h5 $1 $13 {1/2-1/2 Zude,A-Siegel,G/Karlsruhe 1997 
(44)}) (12... O-O 13. e5 $5 (13. Bxf6 $5)) 13. Na4 Rb8 {[%csl Rb6][%cal Yb8b6,
Yd8b6]} (13... Nxe4 14. Qxb4 (14. Qe3 d5 (14... Nf6 15. Bf3 $5 (15. Nb6 Rb8 16.
g4 Bb7 17. Rhg1 Qc7 18. g5 hxg5 19. fxg5 Nd5 20. Nxd5 Bxd5 21. Bxg7 Rxh2 22. g6
fxg6 23. Rd2 Qa5 $36 {... 0-1 Ziatdinov,R-Yermolinsky,A/Tashkent 1987 (27)})
15... Rb8 (15... d5 16. Kb1 $5 (16. g4 $5 $44) 16... O-O (16... h5 17. f5 $36)
(16... Bd7 17. Nb6 Rb8 18. g4 Bb5 $36 {1-0 Chandler,M-Kosten,A/Hastings 1988/
CBM 11 (61)}) 17. Nb6 (17. g4 $44 {1/2-1/2 Timman,J-Svidler,P/Groningen 1996 
(34)}) 17... Rb8 18. g4 $44 {1-0 Palac-Relange/Grand-Prix CCAS, 6ème ronde
1996 (41)}) 16. Ba7 (16. Kb1 $6 Bb7 17. g4 Bxf3 18. Qxf3 Qd7 19. Nc5 $1 $8 dxc5
20. Bxf6 Qb7 21. Qxb7 Rxb7 22. Bxg7 Rg8 23. Bxh6 Rxg4 24. Rdg1 $1 $10 {
Beliavsky,A-Salov,V/Barcelona/1989/}) 16... Bd7 (16... Rb5 $5 $13 {1/2-1/2
Jaracz,P-Khasin,A/Piatka Open, Swidnica POL 1997 (26)}) 17. Nb6 Bb5 18. h4 $1
$44 {1-0 Sutovskij,E-Greenfeld,A/Haifa 1996 (36)} (18. Kb1 O-O 19. f5 $44 {
1/2-1/2 Psakhis,L-Greenfeld,A/Haifa 1996 (39)}) (18. g4 O-O 19. Bxb8 Qxb8 20.
g5 hxg5 21. fxg5 Bd8 $1 22. gxf6 Qxb6 23. Qxb6 $13 {Khalifman,A-Ionov,S/USSR/
1988/})) (14... Bb7 $5) 15. Bd3 Nf6 16. Nb6 Rb8 17. Nxc8 Qxc8 18. g4 Qc6 19. g5
$44 {0-1 Van Den Doel Erik-Chernyshov Konstantin/It (open), Dresden (Germany)
1995 (30)}) 14... d5 15. Qe1 $13) (13... Qa5 14. Nb6 Qxa2 15. Qd3 Rb8 16. Nxc8
Rxc8 17. Qxa6 Qxa6 18. Bxa6 $14 {Two bishops and weak pawn b4 define white's
advantage.}) 14. Bxf6 $5 (14. e5 dxe5 (14... Nd5 15. Bc4 (15. Bf3 Nxf4 $6 16.
h4 $16) 15... O-O 16. exd6 Bxd6 17. Be5 Bxe5 18. fxe5 Qa5 19. Bxd5 Rd8 20. Qf4
exd5 21. b3 Bd7 22. Rhf1 Rf8 23. Kb1 Bxa4 24. bxa4 Rbc8 25. Rf2 Rc6 26. Qf3
Qxa4 27. Qxd5 Re6 28. Rxf7 Qe8 29. Rxf8+ Kxf8 30. Qc4 Rxe5 31. Rf1+ Ke7 32.
Qc7+ {1-0 Szabo,Z-Taskovits,I/HUN 1997/EXT 99 (32)}) (14... Ne4 15. Qe3 d5 16.
Bd3 (16. Ba7 Rb7 17. Bb6 Qd7 18. Nc5 Bxc5 19. Bxc5 Qa4 20. Kb1 Rc7 21. b3 Nc3+
(21... Qa3 22. Bd4 $13) (21... Qc6 22. Bxb4 Qxc2+ 23. Ka1 $16) 22. Qxc3 bxc3
23. bxa4 Rxc5 $15) (16. Nc5 $2 {Nijboer.} Bxc5 $1 17. Bxc5 Qa5 $17) 16... Qa5 (
16... Qc7 17. Bxe4 dxe4 18. Bc5 $16 (18. Nc5)) 17. b3 Bd7 (17... Nc3 18. Nxc3
bxc3 19. Kb1 $16 {[%csl Gc3]} (19. Bxc3 Qxa2 $36)) 18. Bb6 Rxb6 19. Qxb6 Qxb6
20. Nxb6 Nf2 21. Bxa6 Nxh1 22. Rxh1 Bc5 23. Nxd7 Kxd7 24. Kb1 $14) 15. Bxe5 Bd7
$5 $44) (14. Qe3 Qc7 {[%csl Ga4][%cal Gc8d7,Ge6e5]} 15. Kb1 Bd7 16. Nb6 $2 (16.
b3 $142 Bxa4 17. bxa4 O-O {[%cal Ge6e5]} (17... Qc6 18. Bd3 Qxa4 19. g4 $40)
18. Bxa6 Ra8 (18... Qc6 19. Bb5 Qxe4 20. Qxe4 Nxe4 21. Rhe1 d5 $132 {0-1
Hommeles,T-Werle,J/Hoogeveen 2000/CBM 78 ext (40)}) 19. Bb5 Rfc8 20. Rd2 d5 $36
) 16... e5 17. fxe5 dxe5 18. Nxd7 (18. Qg3 Nxe4 (18... Rxb6 19. Bxb6 Qxb6 20.
Qxg7 (20. Qxe5 Be6 $17) 20... Rg8 (20... Rh7 21. Qg3) 21. Qxh6 Qa5 22. Bf3 Be6
23. b3) 19. Bxe5 (19. Qxg7 Bf6 20. Nd5 Qxc2+ 21. Kxc2 Bxg7 $17) 19... Qxb6 20.
Qxg7 Bf6 $17) 18... Nxd7 19. Qg3 (19. Ba7 Ra8 20. Rxd7 Qxd7 21. Bc5 O-O $19)
19... Rc8 $1 20. Bxa6 Qxc2+ 21. Ka1 exd4 (21... Ra8 22. Bb7) 22. Bxc8 Qxc8 23.
Qxg7 Bf6 24. Qg3 (24. Qg4 Qa6) 24... Be5 25. Qb3 Qb7 $1 26. Rhf1 O-O 27. Rf5
Bg7 {[%cal Gd7e5]} (27... Qxe4 28. Rdf1 Nf6 29. Qxb4 Nd5 $17) 28. Rd5 Qc6 $1 {
[%cal Gf8c8,Gd7b6]} 29. Qxb4 $6 $138 d3 $1 $19 {[%csl Rb2]} 30. Rb1 Rb8 31. Qa3
(31. Qd2 Qc2 $19) (31. Qe1 Nc5 $1 {with desicive attack.}) 31... Rxb2 {0-1
Nijboer,F-Avrukh,B/Antwerp 1997/CBM 59 ext/[Avrukh,B] (31)}) 14... Bxf6 (14...
gxf6 15. b3 {This is profilactice move} Qa5 16. Kb1 Bb7 {[%csl Ye4][%cal Yb7e4]
} 17. Bf3 Bc6 18. Nb2 {[%cal Yb2c4,Yb2d3]} Qc5 19. f5 a5 20. Rhe1 e5 21. Re3
Bb5 22. Be2 $5 Bc6 23. Bc4 $36 {[%cal Yc4f7] 1/2-1/2 Skripchenko Lautier,
A-Demina,J/Elista 1998/CBM 66 ext (45)}) 15. Qxd6 Qxd6 16. Rxd6 Be7 17. Rb6
Rxb6 18. Nxb6 $16 Bb7 19. Bf3 g5 20. f5 h5 (20... Bc5 21. Nc4 exf5 22. exf5
Bxf3 23. Re1+ Kf8 24. gxf3 $16 {1-0 Van der Wiel,J-Werle,J/NED 2000/CBM 75 ext
(64)}) 21. h3 Bc5 22. Nc4 exf5 23. exf5 Bxf3 24. gxf3 {Black does not have a
safficient counterplay for pawn dawn.} (24. Re1+ Kd8 25. gxf3) 24... Ke7 25.
Rd1 Rc8 26. Rd5 Bf2 27. Nd2 f6 28. Ne4 Be3+ 29. Kd1 Rc6 30. b3 {White improve
their position,and capture keysquares.} Bf4 31. Rc5 Rb6 (31... Rxc5 32. Nxc5 a5
33. Ne4 Be5 34. Ke2 Kd7 35. Kd3 Kc6 36. Kc4 h4 37. c3 bxc3 38. Nxc3 $18) 32.
Ke2 Be5 33. Kd3 Rb8 34. Rc6 Rd8+ 35. Ke2 Rd5 (35... a5 36. Nxg5) 36. Rxa6 Bb2
37. Re6+ Kf7 38. Rb6 Bc3 39. Rc6 Bb2 40. Rc5 $18 1-0

[Event "FRA-ch Haute"]
[Site "Vichy"]
[Date "2000.08.23"]
[Round "8"]
[White "Fressinet, Laurent"]
[Black "Bacrot, Etienne"]
[Result "0-1"]
[WhiteElo "2536"]
[BlackElo "2613"]
[Annotator "Gofshtein,L"]
[PlyCount "88"]
[EventDate "2000.08.15"]
[EventType "tourn"]
[EventRounds "4"]
[EventCountry "FRA"]
[SourceTitle "CBM 079"]
[Source "ChessBase"]
[SourceDate "2000.11.21"]
[SourceVersion "1"]
[SourceVersionDate "2000.11.21"]
[SourceQuality "1"]

1. e4 c5 2. Nc3 Nc6 3. Nf3 d6 4. d4 cxd4 5. Nxd4 Nf6 6. Bg5 e6 7. Qd2 a6 8.
O-O-O h6 9. Nxc6 bxc6 10. Bf4 d5 11. Qe3 Be7 ({Another wellknown theoretical
continuations are: 1)} 11... Bb4 {see detailed commented game 0-1 Greenfeld,
A-Tyomkin,D/Ramat Aviv 1998/CBM 68/[Tyomkin,D,Gofshtein L] (37) and also see
commented games 0-1 Peray,S-Kuzmin,G/North Bay 1999/CBM 72/[Gipslis] (50), 1/
2-1/2 Lanka,Z-Wu Shaobin/Besancon 1999/CBM 72 (45) [Psakhis] and 1-0 Sutovskij,
E-Gershon,A/New York 1998/CBM 64 (55) [Gofshtein L]}) ({2)} 11... Qa5 {see
commented games 1/2-1/2 Berelovich,A-Lerner,K/Donetsk 1998/CBM 68 (67) 
[Gofshtein,L] 1/2-1/2 Nataf,I-Gershon,A/Bermuda 1999/CBM 69 (22) [Gofshtein,L]
1-0 Tseitlin,M-Tyomkin,D/Israel 1999/CBM 72 (62) [Tyomkin,D] 1-0 Lanka,
Z-Pelletier,Y/Rowy 1999/CBM 72 (27) [Psakhis,L]}) 12. Be2 (12. h4 {see
comments to the game 0-1 Markgraf,A-Motwani,P/ CBM 76 2000/CBM 74 ext (39) 
[Bangiev, A]}) 12... O-O (12... Bb7 13. Qg3 g6 14. Bc7 $1 Qc8 15. Bf3 O-O 16.
Na4 Nd7 17. Kb1 a5 18. c4 $16 {Shekachev-Pochikeev,1997 Smolensk}) 13. h4 (13.
Qg3 {-see comments to the game  1/2-1/2 Nisipeanu,L-Ivanchuk,V/Las Vegas 1999/
CBM 72 (55) [Tsesarsky,I]}) 13... Re8 (13... Ne8 {see comments to the game 1-0
Shchekachev,A-Lopushnoy,D/Tomsk 1998/CBM 67 noVC (20) [Gofshtein,L.]}) (13...
Bb4 14. e5 Bxc3 15. Qxc3 Ne4 16. Qe3 f6 17. f3 fxe5 18. Bxe5 Nf6 19. g4 Qe7 20.
g5 Nd7 21. f4 Nxe5 22. fxe5 Qa7 {Gofshtein L - Hasin Al,Israel 1997} 23. Qd3
$16) 14. Qg3 Kh8 15. Bc7 Qd7 16. Be5 Bf8 $146 {This novelty doesn't solve
opening problems for black.} (16... Ra7 17. f4 Rg8 18. Qf2 Bb4 19. Bf3 Qe7 20.
Rhe1 Rd7 21. exd5 cxd5 22. g4 $16 {[%cal Gg4g5] Botvinnik.I-Kaz,Israel 1997})
17. exd5 $2 $132 ({In my opinion, very strong was} 17. Qf4 $1 {[%csl Rf6] with
plan: g2-g4 and Rd1-d3-g3 with strong initiative:} Ng8 (17... Nh7 18. Bh5 (18.
Qxh6 $2 f6 $17) 18... Kg8 19. Rd3 $16 {[%cal Gd3g3]}) (17... Qe7 18. g4 $16)
18. Bh5 {[%csl Rf7]} Ra7 19. g4 $16 {[%cal Gg4g5]}) 17... cxd5 18. Rd4 Qe7 19.
Bd3 $2 $15 {Not in spirit of position.} ({Again right was} 19. Qf4 $5 $14 {
[%cal Gg2g4] following the above mentioned plan with g2-g4 promotion.}) 19...
Nd7 $1 {Good plan. N goes to c5 to attack Bd3. On the other side, after f7-f6,
Be5 will be removed.} 20. f4 Bb7 21. Qg4 $6 $17 {I don't understand the idea...
} (21. Re1 $142 {[%csl Ge5]} Nc5 (21... Rac8 $5 $15) 22. Na4 Nxd3+ 23. Rxd3 Qb4
24. Nc3 f6 25. Bd4 $15) 21... Nc5 $1 {[%csl Re5][%cal Gf7f6,Gc5d3]} 22. Na4 $8
Nxd3+ 23. Rxd3 f6 24. Bd4 Qb4 $2 (24... e5 $5 25. Bc5 Qf7 26. Bxf8 Rxf8 27.
fxe5 fxe5 28. Nc5 e4 29. Rb3 Bc6 $15) ({Right was} 24... Qc7 $1 {[%cal Ge6e5]}
25. Nb6 Rab8 {[%csl Rb6]} 26. Re1 Bc6 27. Rxe6 Rxe6 28. Qxe6 Qxf4+ (28... Rxb6
29. Bxb6 Qxb6 30. Rxd5 Qg1+ 31. Rd1 Qxg2 32. Qc8 Kg8 33. Qxa6 Be4 34. Qc4+ Kh7
35. a4 f5 $17) 29. Be3 Qxh4 $1 30. Rd1 (30. Qxc6 Qe1+ 31. Rd1 Qxe3+ $19) 30...
Qe4 $17) 25. Nb6 Rad8 26. a3 Qd6 {[%csl Rb6]} 27. Rc3 $2 $17 {Missing strong
28 move of Black...} ({Equal position was after:} 27. Re1 $1 e5 28. fxe5 fxe5
29. Rde3 e4 30. Rf1 $132) ({Not} 27. Bxf6 $2 Qxb6 $1 (27... gxf6 $4 28. Rg3 $18
) 28. Bxd8 Qxd8 $17) 27... e5 28. Bc5 Qxc5 $1 {It is not sacrifice - Black has
enough material for Q.} (28... Qe6 $2 29. Qxe6 Rxe6 30. Bxf8 Rxf8 (30... Rxb6
31. Bc5 $11) 31. Nd7 $11 {[%cal Gd7c5,Gc3c7]}) 29. Rxc5 Bxc5 {[%csl Rb6]} 30.
Na4 Be3+ 31. Kb1 Bxf4 32. Nc5 Bc8 33. Qe2 e4 34. Rd1 d4 35. g4 (35. h5 Bg5 $17)
35... e3 $2 $132 {Letting White to blockade dangerous black PP} ({Right was} 
35... Re5 $17) 36. Nd3 $2 $17 ({after} 36. Nb3 $1 {White at least equalizes:}
Re4 (36... d3 $6 37. cxd3 (37. Rxd3 Rxd3 38. cxd3 Bxg4 $19) 37... Bg3 {[%cal
Gc8g4]} (37... Rd5 38. Rc1 $14) 38. g5 Bg4 39. Qxg4 e2 40. Rc1 e1=Q 41. Rxe1
Rxe1+ 42. Ka2 $16) (36... Bg3 37. Rxd4 Rxd4 38. Nxd4 Bxh4 $132) (36... Be5 37.
g5 $1 $132) 37. Nc5 Ree8 38. Nb3 $11) 36... Bg3 37. Rh1 (37. g5 $6 Bxh4 38.
gxh6 gxh6 39. Qh5 Bg5 $17) 37... Bb7 {[%cal Gb7h1]} 38. Rh3 Bd6 39. g5 Be4 $6 (
{Interesting and complicated play after} 39... f5 $1 40. gxh6 gxh6 41. Qh5 Kg7
{[%csl Rh3]} 42. Qxf5 {Black didn't want to open his K position.} Bc8 43. Qf3
Bxh3 44. Qxh3 e2 45. Qg4+ Kh8 46. Qxd4+ Be5 {[%csl Rd3][%cal Gd8d3]} 47. Qa4 {
[%cal Ga4e8]} Bg7 48. Ka2 Re6 49. Qc4 Rdd6 50. Ne1 $17) 40. gxf6 gxf6 41. Rf3
$4 $19 {Rh3 was not attacked, why to lose R for B ?} (41. Ne1 $142 $1 {[%csl
Rh3]} Rg8 (41... a5 42. Qh5 {[%csl Ra5,Rh6]}) 42. Ka2 Bd5+ 43. b3 Be6 (43... a5
$15) 44. Rh1 $15) 41... Bxf3 42. Qxf3 Re6 43. Qg4 Rde8 44. Qg6 Bf8 ({After} 
44... Bf8 {White position is hopeless:} 45. Ne1 Bg7 46. Kc1 e2 47. Kd2 Re4 48.
Kd3 {[%csl Re4]} Re3+ 49. Kd2 R8e5 $19 {But maybe White resigned a little bit
early?}) 0-1